| 000 | 00949nam a2200241Ia 4500 | ||
|---|---|---|---|
| 003 | OSt | ||
| 005 | 20220923220354.0 | ||
| 006 | a|||||r|||| 00| 0 | ||
| 007 | ta | ||
| 008 | 220922b |||||||| |||| 00| 0 hin d | ||
| 024 | _a186,219 | ||
| 037 | _cTextual | ||
| 040 |
_aARTS _cARTS _bhin |
||
| 041 |
_2hin _ahin |
||
| 082 | _aY5926:4:5.2.N6, L3 | ||
| 100 |
_aअम्बेडकर, वी0 आर0 _9160419 |
||
| 245 | 0 | _aक्रांगेस और गांधी ने अछूतों के लिए क्या किया, अनु श्री वर्द्धन | |
| 246 | _aKrāanges aur gāandhī ne achhūtoan ke lie kyā kiyā, anu0 shrī varddhana | ||
| 250 | _aसंस्क0 2 | ||
| 260 |
_aलखनऊ _b बहुजन कल्याण प्रकाशन _c1973 |
||
| 942 |
_hY5926:4:5.2.N6, L3 _cTEXL _2CC |
||
| 999 |
_c339464 _d339464 |
||